01547nam a2200373 450000100030000000300040000300500170000700800410002402000180006504000080008304100130009108200170010410000280012124000210014924500740017025000190024426000330026330000110029649000370030750000710034452003760041565000290079165000140082065000240083465000240085865000140088265500160089665500200091270000270093283000420095994200150100195201460101699900110116288OSt20250528074011.0250123b |||||||d |||| 00| 1 eng d a9788501069993 bpor hengapor a028.5bC116p1 aCabot, Meg,d1967-9199 aPrincess in pink aA princesa:bDe rosa-shocking /cCabot, Meg ; Tradução de Ana Ban a5° edição aRio de JaneirobRecordc2007 a300 p.1 aO diário da PrincesavLivro 05 aA Princesa de rosa-shocking Sequência de: A princesa à espera aEm A PRINCESA DE ROSA-SHOCKING, quinto volume da série O Diário da Princesa — que deu origem à superprodução dos Estúdios Disney estrelada por Julie Andrews e Anne Hathaway e um dos lançamentos mais vendidos pela Editora Record —, ela precisa convencer o namorado Michael a vestir um smoking, comprar um belo buquê e alugar uma limusine para o evento. 0aLiteratura Americana984 0aHumor960 0aAmor e Paixão925 0aInfantojuvenil9200 0aFilme926 0aRomance923 0aFicção 922 aAna BaneTradutor9203 aO diário da princesavLivro 059201 2ddcn0cBK 00102ddc3vol. 0540708FICaBIBIBbBIBIBcIJd2021-11-17edoaçãol0oIJ 028.5 / C116pp2025-16656r2025-01-23 08:06:13w2025-01-23yBK c88d88